Alphabet in 15 Seconds - Statistics

General Stats
  • This quiz has been taken 182 times
  • The average score is 24 of 26
Answer Stats
Letter % Correct
a
100%
b
99%
d
99%
g
99%
h
99%
c
97%
e
97%
f
97%
i
97%
j
97%
k
97%
l
97%
m
97%
n
96%
o
95%
p
92%
q
92%
r
92%
s
90%
t
88%
u
87%
v
87%
w
83%
x
83%
y
82%
z
82%
No matching quizzes found
Score Distribution
Percent of People with Each Score
Percentile by Number Answered
Your Score History
You have not taken this quiz